000 00443nam a22001577a 4500
003 OSt
005 20151118103436.0
008 151118b xxu||||| |||| 00| 0 eng d
040 _cRUA
082 _aFIS កាំង1993 B148​ Or.1
100 _93846
_aកាំង ឃឹម
245 _aការថែបំប៉នកូនត្រីកាបស
260 _aPhnom Penh
_bRUA
_c1993
300 _a69p.
_bill.
_c29cm.
942 _2ddc
_cFOR
999 _c3577
_d3577